Fallos de la Corte de Justicia de Salta (Registro nro. 1446)

Detalles MARC
000 -LEADER
fixed length control field 01632 a2200325 4500
001 - CONTROL NUMBER
control field 26222
005 - DATE AND TIME OF LATEST TRANSACTION
control field 20260407155543.0
008 - FIXED-LENGTH DATA ELEMENTS--GENERAL INFORMATION
fixed length control field 260407a2013 arg spa d
003 - CONTROL NUMBER IDENTIFIER
control field AR-UNSa-BCEJYS
040 ## - CATALOGING SOURCE
Original cataloging agency AR-UNSa-BCEJYS
Language of cataloging spa
Transcribing agency AR-UNSa-BCEJYS
080 ## - UNIVERSAL DECIMAL CLASSIFICATION NUMBER
Universal Decimal Classification number 343(094.7)
Common auxiliary subdivision Jurisprudencia de Derecho Penal
100 1# - MAIN ENTRY--PERSONAL NAME
Personal name Catalano, Guillermo Alberto
245 10 - TITLE STATEMENT
Title Fallos de la Corte de Justicia de Salta
Name of part/section of a work Derecho Penal y Procesal Penal. Reseña temática
264 #1 - PRODUCTION, PUBLICATION, DISTRIBUTION, MANUFACTURE, AND COPYRIGHT NOTICE
Place of production, publication, distribution, manufacture Salta :
Name of producer, publisher, distributor, manufacturer [s.n.]
Date of production, publication, distribution, manufacture, or copyright notice 2013
300 ## - PHYSICAL DESCRIPTION
Extent 281 p.
Dimensions 21 cm.
505 ## - FORMATTED CONTENTS NOTE
Formatted contents note I. DERECHO PENAL. PARTE GENERAL: 1. Garantías constitucionales - 2. Validez temporal de la ley penal - 3. Tentativa - 4. Participación criminal - 5. Concursos de delitos - 6. Pena - 7. Acción penal - 8. Suspensión de juicio a prueba - II. DERECHO PROCESAL PENAL: 9. Nulidades - 10. Instrucción formal - 11. Procedimiento sumario - 12. Restricciones a la libertad en el proceso - 13. Etapa de juicio - 14. Juicio de menores - 15. Juicio por delitos de acción privada - 16. Sentencia - 17. Recursos.
590 ## - LOCAL NOTE (RLIN)
Local note niveau_biblio:m niveau_hierar:0
700 1# - ADDED ENTRY--PERSONAL NAME
Personal name Salta. Poder Judicial
700 1# - ADDED ENTRY--PERSONAL NAME
Personal name Martini, Luciano Ignacio
700 1# - ADDED ENTRY--PERSONAL NAME
Personal name Vater, Fernando
700 1# - ADDED ENTRY--PERSONAL NAME
Personal name Holmquist Moreira, Karina Alejandra
700 1# - ADDED ENTRY--PERSONAL NAME
Personal name Coll, Patricia
700 1# - ADDED ENTRY--PERSONAL NAME
Personal name Flores, Carlos Hernán
700 1# - ADDED ENTRY--PERSONAL NAME
Personal name Ciociano, Mariano Hernán
700 1# - ADDED ENTRY--PERSONAL NAME
Personal name Jallés, Juan Manuel
700 1# - ADDED ENTRY--PERSONAL NAME
Personal name Saravia, Aldo Rubén
700 1# - ADDED ENTRY--PERSONAL NAME
Personal name Galli, Adriana Inés
856 41 - ELECTRONIC LOCATION AND ACCESS
Uniform Resource Identifier <a href="https://biblioeco.unsa.edu.ar/pmb/images/libros/Fallos de la corte de Justicia de Salta-l119563.jpg">https://biblioeco.unsa.edu.ar/pmb/images/libros/Fallos de la corte de Justicia de Salta-l119563.jpg</a>
Link text Imagen de portada
Electronic format type image/jpeg
942 ## - ADDED ENTRY ELEMENTS (KOHA)
Koha item type
Existencias
Withdrawn status Lost status Damaged status Not for loan Home library Current library Shelving location Date acquired Total checkouts Full call number Barcode Date last seen Price effective from Koha item type
        Biblioteca Prof. Eusebio Cleto del Rey Biblioteca Prof. Eusebio Cleto del Rey   07/04/2026   343(094.7) S176 L119563 07/04/2026 07/04/2026 Libro
        Biblioteca Prof. Eusebio Cleto del Rey Biblioteca Prof. Eusebio Cleto del Rey   07/04/2026   343(094.7) S176 L119564 07/04/2026 07/04/2026 Libro